000 00856nam a22002295a 4500
005 20170223164344.0
008 111214s2010 ck abo gr 000 0dspa d
020 _a9789588323350
040 _aCO-BoBLA
_cCO-BoBLA
_dCo-BoIAvH
041 0 _aspa
082 0 4 _a631.4
_bI57a
110 2 _aInstituto Geográafico Agustín Cordazzi. Subdirección de Agrología.
245 1 3 _aEl ABC de los suelos para no expertos /
_cInstituto Geográfico Agustín Cordazzi.
260 _aBogotá :
_bImprenta Nacional de Colombia,
_c2010.
300 _a130 páginas :
_bilustraciones., mapas ;
_c22 x 28 cm.
500 _aGlosario : p. 125-126.
504 _aIncluye bibliografía.
650 _aSuelos
_z Colombia.
650 _aSuelos
_x Clasificación
_z Colombia.
650 _aAnálisis del suelo
_z Colombia.
942 _2ddc
_cLIBRO
999 _c19358
_d19358